000 00642nam a2200217 a 4500
005 20240808063721.0
008 040305s2001 cl r 000 0 spa d
020 _a9586482650
035 _aUPN01000132507
049 _aCG
050 4 _aHF1017
_bM3.3 2001
100 1 _aMartínez Bencardino, Ciro
245 1 0 _aEstadística básica aplicada /
_cCiro Martínez Bencardino.
250 _a2a ed.
260 _aSanta Fé de Bogotá :
_bEcoe,
_c2001.
300 _a302 p. :
_bcuadros, grafs.
440 0 _aTextos universitarios.
_pEstadística
650 4 _aEstadística
_92988
650 4 _aESTADISTICA COMERCIAL
_913820
905 _aLibro
999 _c104661
_d104661